| 000 | 00748nam a2200217 4500 | ||
|---|---|---|---|
| 003 | OSt | ||
| 005 | 20240730071546.0 | ||
| 006 | a | ||
| 008 | 240730b |||||||| |||| 00| 0 eng d | ||
| 020 | _a9780470553046 | ||
| 040 |
_aDWCL-Main lib. _cOC |
||
| 082 |
_2Second edition _aCirc. 620.104 T665d 2011 |
||
| 100 | _aTongue, Benson H. | ||
| 245 | _aDynamics : engineering mechanics : SI version /[S.I.] : John Wiley & Sons (Asia) Pte Ltd. , c 2011 | ||
| 250 | _aSecond edition | ||
| 260 |
_a[S.I.] : _bJohn Wiley & Sons (Asia) Pte Ltd. , _cc2011. |
||
| 300 |
_axiii, _b601 p. : ill. (some col.) ; _c26 cm. |
||
| 504 | _aIncludes bibliographical references & index. | ||
| 650 | _a1. Dynamics. | ||
| 942 |
_2ddc _n0 _cBK-CIRC _eSecond edition _kCirc. |
||
| 999 |
_c2977 _d2977 |
||